<?xml version="1.0" encoding="UTF-8"?>
<record
    xmlns:xsi="http://www.w3.org/2001/XMLSchema-instance"
    xsi:schemaLocation="http://www.loc.gov/MARC21/slim http://www.loc.gov/standards/marcxml/schema/MARC21slim.xsd"
    xmlns="http://www.loc.gov/MARC21/slim">

  <leader>01991nam a2200301 i 4500</leader>
  <controlfield tag="003">DO-SdBNP</controlfield>
  <controlfield tag="005">20230522144536.0</controlfield>
  <controlfield tag="006">a||||gr|||| 00| 0 </controlfield>
  <controlfield tag="007">ta</controlfield>
  <controlfield tag="008">230519e2022    dr aobcgr|||| 001 edspa d</controlfield>
  <datafield tag="020" ind1=" " ind2=" ">
    <subfield code="a">9789945635119</subfield>
  </datafield>
  <datafield tag="040" ind1=" " ind2=" ">
    <subfield code="a">DO-SdBNP</subfield>
    <subfield code="b">spa</subfield>
    <subfield code="c">BNPHU</subfield>
    <subfield code="e">rda</subfield>
  </datafield>
  <datafield tag="082" ind1=" " ind2="4">
    <subfield code="2">22</subfield>
    <subfield code="b">A452h</subfield>
  </datafield>
  <datafield tag="100" ind1="1" ind2=" ">
    <subfield code="9">24304</subfield>
    <subfield code="a">Almonte, Francisco</subfield>
  </datafield>
  <datafield tag="245" ind1="1" ind2="0">
    <subfield code="a">Historiograf&#xED;a de la provincia Valverde. /</subfield>
    <subfield code="c">Francisco Almonte.</subfield>
  </datafield>
  <datafield tag="264" ind1="3" ind2="0">
    <subfield code="a">Santo Domingo :</subfield>
    <subfield code="b">Santuario,</subfield>
    <subfield code="c">2022</subfield>
  </datafield>
  <datafield tag="300" ind1=" " ind2=" ">
    <subfield code="a">286 p&#xE1;ginas</subfield>
    <subfield code="b">Ilustraciones, fotograf&#xED;as, mapas, retrato ;</subfield>
    <subfield code="c">22 cm</subfield>
  </datafield>
  <datafield tag="336" ind1=" " ind2=" ">
    <subfield code="2">rdaconte</subfield>
    <subfield code="a">texto</subfield>
    <subfield code="b">txt</subfield>
  </datafield>
  <datafield tag="337" ind1=" " ind2=" ">
    <subfield code="2">rdamedia</subfield>
    <subfield code="a">sin medici&#xF3;n</subfield>
    <subfield code="b">n</subfield>
  </datafield>
  <datafield tag="338" ind1=" " ind2=" ">
    <subfield code="2">rdacarrier</subfield>
    <subfield code="a">volumen</subfield>
    <subfield code="b">nc</subfield>
  </datafield>
  <datafield tag="500" ind1=" " ind2=" ">
    <subfield code="a">Incluye datos biogr&#xE1;ficos del autor en las solapas de las cubiertas</subfield>
  </datafield>
  <datafield tag="500" ind1=" " ind2=" ">
    <subfield code="a">Incluye bibliograf&#xED;a y notas al pie de p&#xE1;ginas</subfield>
  </datafield>
  <datafield tag="504" ind1=" " ind2=" ">
    <subfield code="a">Bibliograf&#xED;a: p&#xE1;ginas 285 - 286</subfield>
  </datafield>
  <datafield tag="505" ind1=" " ind2=" ">
    <subfield code="a">Agradecimiento.</subfield>
    <subfield code="g">Prefacio.</subfield>
    <subfield code="t">Perfil biogr&#xE1;fico de Jos&#xE9; Desiderio Valverde.--</subfield>
    <subfield code="t">Panorama de la provincia Valverde</subfield>
    <subfield code="t">Municipio Santa Cruz de Mao.--</subfield>
    <subfield code="t">Hitos en el desarrollo hist&#xF3;rico de Mao.--</subfield>
    <subfield code="t">Escudo del municipio de Mao.--</subfield>
    <subfield code="t">Himno municipal de Mao.--</subfield>
    <subfield code="t">L&#xED;mites geogr&#xE1;ficos de Mao.--</subfield>
    <subfield code="t">Juntas de vecinos por zona.--</subfield>
    <subfield code="t">Indicadores estad&#xED;sticos de Mao.--</subfield>
    <subfield code="t">Contexto sociocultural de Mao.--</subfield>
    <subfield code="t">Distrito municipal de Mao.--</subfield>
  </datafield>
  <datafield tag="505" ind1=" " ind2=" ">
    <subfield code="a">Ciudadanos destacados de Mao.--</subfield>
    <subfield code="t">Municipio Esperanza.--</subfield>
    <subfield code="t">Hitos en el desarrollo hist&#xF3;rico de Esperanza.--</subfield>
    <subfield code="t">Escudo del municipio Esperanza</subfield>
    <subfield code="t">Distritos municipales el municipio Esperanza.--</subfield>
    <subfield code="t">Indicadores estad&#xED;sticos del municipio Esperanza.--</subfield>
    <subfield code="t">Distritos municipales del municipio Esperanza.--</subfield>
    <subfield code="t">Ciudadanos destacados de Esperanza.--</subfield>
    <subfield code="t">Municipio Laguna Salada.--</subfield>
    <subfield code="t">Hitos en desarrollo hist&#xF3;rico de Laguna Salada.--</subfield>
    <subfield code="t">Escudo de Laguna Salada.--</subfield>
    <subfield code="t">Indicadores estad&#xED;sticos del municipio de Laguna Salada.--</subfield>
    <subfield code="t">Contexto sociocultural de Laguna Salada.--</subfield>
    <subfield code="t">Ciudadanos destacados de Laguna Salada.--</subfield>
    <subfield code="t">Bibliograf&#xED;a.</subfield>
  </datafield>
  <datafield tag="590" ind1=" " ind2=" ">
    <subfield code="a">Inventariado 2023 / MF</subfield>
  </datafield>
  <datafield tag="942" ind1=" " ind2=" ">
    <subfield code="2">ddc</subfield>
    <subfield code="c">LBS1</subfield>
  </datafield>
  <datafield tag="952" ind1=" " ind2=" ">
    <subfield code="0">0</subfield>
    <subfield code="1">0</subfield>
    <subfield code="2">ddc</subfield>
    <subfield code="5">1</subfield>
    <subfield code="7">0</subfield>
    <subfield code="8">PD</subfield>
    <subfield code="a">BNPHU</subfield>
    <subfield code="b">BNPHU</subfield>
    <subfield code="c">CT</subfield>
    <subfield code="d">2022-10-07</subfield>
    <subfield code="e">Dep&#xF3;sito legal / Editora B&#xFA;ho</subfield>
    <subfield code="l">0</subfield>
    <subfield code="o">A452h</subfield>
    <subfield code="p">2023-2006</subfield>
    <subfield code="r">2023-05-19</subfield>
    <subfield code="w">2023-05-19</subfield>
    <subfield code="y">LBS1</subfield>
  </datafield>
  <datafield tag="952" ind1=" " ind2=" ">
    <subfield code="0">0</subfield>
    <subfield code="1">0</subfield>
    <subfield code="2">ddc</subfield>
    <subfield code="5">1</subfield>
    <subfield code="7">0</subfield>
    <subfield code="8">PD</subfield>
    <subfield code="a">BNPHU</subfield>
    <subfield code="b">BNPHU</subfield>
    <subfield code="c">CT</subfield>
    <subfield code="d">2022-10-07</subfield>
    <subfield code="e">Dep&#xF3;sito legal / Editora B&#xFA;ho</subfield>
    <subfield code="l">0</subfield>
    <subfield code="o">A452h</subfield>
    <subfield code="p">2023-2007</subfield>
    <subfield code="r">2023-05-19</subfield>
    <subfield code="t">e.2</subfield>
    <subfield code="w">2023-05-19</subfield>
    <subfield code="y">LBS1</subfield>
  </datafield>
  <datafield tag="952" ind1=" " ind2=" ">
    <subfield code="0">0</subfield>
    <subfield code="1">0</subfield>
    <subfield code="2">ddc</subfield>
    <subfield code="5">6</subfield>
    <subfield code="7">0</subfield>
    <subfield code="8">DS</subfield>
    <subfield code="a">BNPHU</subfield>
    <subfield code="b">BNPHU</subfield>
    <subfield code="c">CT</subfield>
    <subfield code="d">2022-10-07</subfield>
    <subfield code="e">Dep&#xF3;sito legal / Editora B&#xFA;ho</subfield>
    <subfield code="l">0</subfield>
    <subfield code="o">A452h</subfield>
    <subfield code="p">2023-2008</subfield>
    <subfield code="r">2023-05-19</subfield>
    <subfield code="t">e.3</subfield>
    <subfield code="w">2023-05-19</subfield>
    <subfield code="y">LBS1</subfield>
  </datafield>
  <datafield tag="999" ind1=" " ind2=" ">
    <subfield code="c">53580</subfield>
    <subfield code="d">53580</subfield>
  </datafield>
</record>
